Szczegóły MARC21

Katastrofy naturalne i cywilizacyjne : zagrożenia podczas imprez masowych /

003 -Nazwa inst., której nr kontr. jest w polu 001 [,]
    • @
    • Nazwa instytucji, której n kontrolny jest w polu 001
    • NUKAT
005 -DATA I CZAS OSTATNIEJ MODYFIKACJI [,]
    • @
    • pole kontrolne
    • 20241231101906.0
020 -Międzynarod. znormalizowany nr książki - ISBN [ , ]
    • a
    • Numer ISBN
    • 9788387384142 Find
040 -Instytucja sporządzająca opis [ , ]
    • a
    • Instytucja, która sporządziła opis (NP)
    • KR U/WS
    • c
    • Instytucja, która sporządziła rekord (NP)
    • KR U/WS
    • d
    • Instytucja, która zmodyfikowała rekord (P)
    • KR U/maj
    • d
    • Instytucja, która zmodyfikowała rekord (P)
    • KR U/BMigs
041 -Język dokumentu [0, ]
    • a
    • Język tekstu (P)
    • polski
    • a
    • Język tekstu (P)
    • angielski
    • b
    • Język streszczeń lub abstraktu (P)
    • angielski
942 -Rodzaj dokumentu [ , ]
    • c
    • Rodzaj dokumentu
    • Książka
245 -Strefa tytułu i oznaczenia odpowiedzialności [0,0]
    • a
    • Tytuł
    • Katastrofy naturalne i cywilizacyjne : Find
    • b
    • Ciąg dalszy tytułu (NP)
    • zagrożenia podczas imprez masowych / Find
    • c
    • Pozostałe elementy strefy tytułu i oznaczenia odpowiedzialności (NP)
    • pod red. Mariana Żubera.
260 -Strefa adresu wydawniczego [ , ]
    • a
    • Miejsce wydania (P)
    • Wrocław :
    • b
    • Nazwa wydawcy (P)
    • Wyższa Szkoła Oficerska Wojsk Lądowych im. gen. T. Kościuszki,
    • c
    • Data wydania (P)
    • 2008.
300 -Strefa opisu fizycznego [ , ]
    • a
    • Określenie formy książki i/lub objętość (NP)
    • 422 s. :
    • b
    • Oznaczenie ilustracji (NP)
    • il. ;
    • c
    • Format (NP)
    • 24 cm.
336 -Typ zawartości [ , ]
    • a
    • Termin opisujący typ zawartości
    • Tekst
    • b
    • Kod określający zawartość
    • txt
    • 2
    • Źródło (terminu i kodu)
    • rdacontent
337 -Typ mediów [ , ]
    • a
    • Tryb odtwarzania
    • Bez urządzenia pośredniczącego
    • b
    • Kod typu mediów
    • n
    • 2
    • Źródło (terminu i kodu)
    • rdamedia
338 -Typ/rodzaj nośnika [ , ]
    • a
    • Hasło opisujące typ nośnika
    • Wolumin
    • b
    • Kod typu nośnika
    • nc
    • 2
    • Źródło (terminu i kodu)
    • rdacarrier
504 -Uwaga dot. bibliogr. załącznikowej [ , ]
    • a
    • Uwaga dot. bibliografii załącznikowej
    • Bibliogr. przy rozdz. Indeks.
546 -Uwaga dot. języka [ , ]
    • a
    • Uwaga dot. języka
    • Tekst częśc. pol., ang., streszcz. ang. przy rozdz.
080 -Uniwersalna Klasyfikacja Dziesiętna [ , ]
    • 2
    • Identyfikator wydania tablic
    • UDC-P058
    • 9
    • UKD
    • 4007
    • a
    • Symbol klasyfikacji
    • 504.2/.5
    • b
    • Dopowiedzenie
    • Szkody spowodowane przez czynniki naturalne. Zanieczyszczenia. Katastrofy naturalne.
080 -Uniwersalna Klasyfikacja Dziesiętna [ , ]
    • 2
    • Identyfikator wydania tablic
    • UDC-P058
    • 9
    • UKD
    • 4620
    • a
    • Symbol klasyfikacji
    • 614.87
    • b
    • Dopowiedzenie
    • Narażenia na wpływy otoczenia: zapobieganie, ochrona, bezpieczeństwo osobiste. Wpływy mechaniczne (np. ciśnienie). Narażenie na promieniowanie, na działanie substancji chemicznych itd..
080 -Uniwersalna Klasyfikacja Dziesiętna [ , ]
    • 2
    • Identyfikator wydania tablic
    • UDC-P058
    • 9
    • UKD
    • 3625
    • a
    • Symbol klasyfikacji
    • 351.75
    • b
    • Dopowiedzenie
    • Porządek i bezpieczeństwo publiczne. Kontrola widowisk. Kontrola zrzeszania się i zgromadzeń. Nadzór nad bronią. Zezwolenia na broń.
080 -Uniwersalna Klasyfikacja Dziesiętna [ , ]
    • 2
    • Identyfikator wydania tablic
    • UDC-P058
    • 9
    • UKD
    • 3471
    • a
    • Symbol klasyfikacji
    • 343.34
    • b
    • Dopowiedzenie
    • Czyny karalne przeciw porządkowi i bezpieczeństwu publicznemu. Podżeganie do przestępstw. Bunty. Rebelie. Chuligaństwo. Odmowa służby wojskowej. Dezercja. Nielegalne posiadanie broni. Nielegalne przekroczenie granicy. Żebractwo. Włóczęgostwo
650 -Hasło przedmiotowe [ ,7]
    • a
    • Hasło przedmiotowe
    • Katastrofy naturalne
    • x
    • Określnik rzeczowy
    • zwalczanie.
    • 2
    • Źródło terminu
    • kaba
    • 9
    • KHW
    • 114180
650 -Hasło przedmiotowe [ ,7]
    • a
    • Hasło przedmiotowe
    • Katastrofy przemysłowe.
    • 2
    • Źródło terminu
    • kaba
    • 9
    • KHW
    • 145549
650 -Hasło przedmiotowe [ ,7]
    • a
    • Hasło przedmiotowe
    • Terroryzm
    • x
    • Określnik rzeczowy
    • zwalczanie.
    • 2
    • Źródło terminu
    • kaba
    • 9
    • KHW
    • 133458
650 -Hasło przedmiotowe [ ,7]
    • a
    • Hasło przedmiotowe
    • Zarządzanie w sytuacjach nagłych.
    • 2
    • Źródło terminu
    • kaba
    • 9
    • KHW
    • 151414
980 -Symbol UKD [ , ]
    • a
    • UKD
    • 504.2/.5:614.87:351.75:343.34
700 -Hasło dodatkowe - nazwa osobowa [1, ]
    • a
    • Nazwa osobowa (NP)
    • Żuber, Marian. Find
    • e
    • Określenie rodzaju współpracy
    • Red.
    • 9
    • KHW
    • 56885
920 -ISBN [ , ]
    • a
    • ISBN
    • 978-83-87384-14-2 Find
Numer inwentarzowy Status udost. Data inwentaryzacji Lokalizacja
Z.11714312013-06-12BG